Statystyki dla Pierwiastki chemiczne po symbolu

Kliknij tutaj aby rozwiązać quiz!

Ogólne statystyki

  • Ten quiz został rozwiązany 28 132 razy
  • Średni wynik to 18 z 24

Statystyki odpowiedzi

SymbolPierwiastek% Poprawnych
OTlen
98%
HWodór
97%
SSiarka
96%
KPotas
94%
NAzot
93%
FeŻelazo
93%
AuZłoto
92%
LiLit
88%
CWęgiel
87%
HeHel
85%
AgSrebro
83%
CuMiedź
80%
PbOłów
79%
NaSód
79%
CaWapń
75%
UUran
69%
HgRtęć
68%
IJod
66%
SiKrzem
63%
NeNeon
55%
SnCyna
52%
AsArsen
45%
VWanad
38%
SbAntymon
24%

Rozkład punktacji

Percentyl według liczby udzielonych odpowiedzi

Procent ludzi z każdym wynikiem

Twoja historia wyników

Nie rozwiązałeś tego quizu